00329nam a2200121Ia 4500008004100000041000800041082001700049100001800066245004500084260003900129300003200168365000700200240624s9999 xx 000 0 und d aeng a658.4092 SLA aSLATER ROBERT aNO SUCH THING AS OVER EXPOSURE INSIDE TH c2005aNew DelhibPearson Education axxiv, : 247 : p. : cm. ; 24 cRS